La bataille d'Alger /

Saved in:
Bibliographic Details
Main Author: Saadi, Yacef, 1928-
Format: Book
Language:French
Published: Paris : Publisud, c2002-<c2004>
Series:Collection "Les Témoins de l'histoire."
Subjects:
Tags: Add Tag
No Tags, Be the first to tag this record!
LEADER 01618cam a22004334a 4500
001 009200554-3
005 20070615124116.0
008 030331m20029999fr b 000 0afre c
020 |a 2866009452 (t.1) 
020 |a 9782866009458 (t.1) 
020 |z 2866009461 (t.2) 
020 |a 2866009754 (t.3) 
035 0 |a ocm51947097 
040 |a YUS  |c YUS  |d JHE  |d TZT  |d AUXAM  |d MUQ  |d ZYU 
042 |a pcc 
043 |a f-ae--- 
050 4 |a DT295.3.S23  |b A3 2002 
072 7 |a DT  |2 lcco 
082 1 4 |a 965  |2 1 
100 1 |a Saadi, Yacef,  |d 1928- 
245 1 3 |a La bataille d'Alger /  |c Yacef Saadi. 
260 |a Paris :  |b Publisud,  |c c2002-<c2004> 
300 |a v. ;  |c 22 cm. 
490 1 |a Collection "Témoins de l'histoire",  |x 0298-8895 
504 |a Includes bibliographical references. 
505 1 |a t. 1-2. [without special title] -- t. 3. La guérilla urbaine -- 
600 1 0 |a Saadi, Yacef,  |d 1928- 
651 0 |a Algeria  |x History  |y Revolution, 1954-1962  |v Personal narratives, Algerian. 
653 |a Algeria war 
600 1 6 |a Saadi, Yacef,  |d 1928- 
651 6 |a Algérie  |x Histoire  |y 1954-1962 (Guerre d'Algérie)  |v Récits personnels algériens. 
651 6 |a Alger (Algérie)  |x Histoire militaire  |y 20e siècle. 
655 7 |a History.  |2 fast 
655 7 |a Personal narratives  |v Algerian.  |2 fast 
776 0 8 |i Online version:  |a Saadi, Yacef, 1928-  |t Bataille d'Alger.  |d Paris : Publisud, ©2002-  |w (OCoLC)605970042 
776 0 8 |i Online version:  |a Saadi, Yacef, 1928-  |t Bataille d'Alger.  |d Paris : Publisud, ©2002-  |w (OCoLC)606048280 
830 0 |a Collection "Les Témoins de l'histoire." 
988 |a 20030924 
906 |0 OCLC